| 000 | 00000nam 2200000zi 4500 |
| 001 | 9.953683 |
| 003 | CaOODSP |
| 005 | 20250812111018 |
| 006 | m o d f |
| 007 | cr cn||||||||| |
| 008 | 250729e20250805qucado o f000 0 eng d |
| 020 | |a9780660783093 |
| 040 | |aCaOODSP|beng|erda|cCaOODSP |
| 043 | |an-cn-ab |
| 086 | 1 |aR64-623/2025E-PDF |
| 245 | 00|aJasper recovery framework / |cJasper Recovery Coordination Centre. |
| 264 | 1|a[Gatineau, Quebec] : |bParks Canada = Parcs Canada, |cAugust 5, 2025. |
| 300 | |a1 online resource (27 pages) : |billustrations, graphs, photographs |
| 336 | |atext|btxt|2rdacontent |
| 337 | |acomputer|bc|2rdamedia |
| 338 | |aonline resource|bcr|2rdacarrier |
| 500 | |aCover title. |
| 500 | |aIssued also in French under title: Cadre de rétablissement de Jasper. |
| 520 | |a"The Jasper Recovery Framework has been developed by the Jasper Recovery Coordination Centre (JRCC) to share recovery progress from the impacts of the 2024 Jasper Wildfire, and to look ahead to recovery priorities in the Municipality of Jasper and Jasper National Park"--Introduction, page 4. |
| 530 | |aIssued also in printed form. |
| 650 | 0|aWildfires|zAlberta|zJasper National Park. |
| 650 | 0|aWildfires|zAlberta|zJasper. |
| 650 | 0|aEmergency management|xEnvironmental aspects|zAlberta|zJasper National Park. |
| 650 | 0|aEmergency management|xEnvironmental aspects|zAlberta|zJasper. |
| 651 | 0|aJasper National Park (Alta.)|xPlanning. |
| 710 | 2 |aParks Canada, |eissuing body. |
| 775 | 08|tCadre de rétablissement de Jasper / |w(CaOODSP)9.953685 |
| 776 | 0#|tJasper recovery framework.|w(CaOODSP)9.953684 |
| 856 | 40|qPDF|s6.51 MB|uhttps://publications.gc.ca/collections/collection_2025/pc/R64-623-2025-eng.pdf |
| 856 | 40|qHTML|sN/A|uhttps://parks.canada.ca/pn-np/ab/jasper/gestion-management/serviceimmobilier-realty/retablissement-recovery/cadre-framework |